000 00625nam a2200229Ia 4500
003 OSt
005 20240822153947.0
008 210323s9999||||xx |||||||||||||| ||und||
020 _a9788182640214
040 _cSTCPL
041 _aMAL
041 _hMAL
082 _aM301
_bSIT-A
100 _aSithara, S
_qസിതാര.എസ്
245 0 _aAgniyum katakalum /
_cby Sithara.S
_hഅഗ്നിയും കഥകളൂം
260 _aCalicut :
_bMathrubhumi Printing & Publishing ,
_c2000 .
300 _a84 p.
_bPB
650 _aMalayalam literature
650 _aShort Stories
942 _cBK
942 _2ddc
999 _c60560
_d60560